00253nam a2200121Ia 45000030006000000080041000060400015000471000012000622450019000742600009000935460012001020050017001140STCL150530s9999 xx 000 0 und d aSTCLcSTCL aVance,P aStatus seekers c1964 aEnglish20220125165414.0